Bibliography on Oxygen and Carbon Dioxide in Soil; Soil Respiration References to Work Done in Temperate Areas, 1971-1966. (Record no. 4882)
[ view plain ]
| 000 -LEADER | |
|---|---|
| fixed length control field | 00488nam a2200097Ia 4500 |
| 008 - FIXED-LENGTH DATA ELEMENTS--GENERAL INFORMATION | |
| fixed length control field | 180412s9999||||xx |||||||||||||| ||und|| |
| 040 ## - CATALOGING SOURCE | |
| Original cataloging agency | Ahmadu Bello University Library - Zaria |
| 245 #0 - TITLE STATEMENT | |
| Title | Bibliography on Oxygen and Carbon Dioxide in Soil; Soil Respiration References to Work Done in Temperate Areas, 1971-1966. |
| Statement of responsibility, etc. | COMMONWEALTH BUREAU OF SOILS. |
| 260 ## - PUBLICATION, DISTRIBUTION, ETC. | |
| Date of publication, distribution, etc. | 1972 |
| 300 ## - PHYSICAL DESCRIPTION | |
| Extent | pp.27. |
| 500 ## - GENERAL NOTE | |
| General note | Bibliography on oxygen and carbon dioxide in soil; soil respiration references to work done in temperate areas, 1971-1966. |
No items available.